000 01111nam a2200325Ia 4500
001 dia_1190
003 CHAP
005 20230130110203.0
008 220117s1979 xx 000 0 und d
010 _a171736
040 _cCHAP
082 _a515.1 H33 1970
100 _aHaaser, Norman B.
_952085
245 _aAnálisis matemático /
_c Norman B. Haaser, Joseph P. Lasalle y Joseph A. Sullivan ; traducción Federico Velasco Coba
260 _aMéxico :
_b Trillas,
_c1979
300 _a2 v.
440 _aBiblioteca de matemática superior
_9150229
500 _aTítulo original: Introduction to analysis
505 _av. Curso de introduccion -- v. 2. Curso intermedio
590 _aQA300 H33 1970
650 _aAnálisis matemático
_95988
650 _aMathematical analysis
_9147392
700 _aLa Salle, Joseph P., coaut.
_9150230
700 _aSullivan, Joseph A., coaut.
_9150231
700 _aVelasco Coba, Federico, tr.
_9150232
901 _a515.1 H33 1970
902 _aM
905 _a5232271979 MX mn 8222223322SPA16
942 _cLIBRO
_2ddc
999 _c171736
_d171736